|
|
|
|
| LEADER |
01077nam a2200277 a 4500 |
| 001 |
c000301968 |
| 003 |
CARM |
| 005 |
20061111045711.0 |
| 008 |
950911s1976 cau b 001 0deng |
| 019 |
1 |
|
|a 951823
|5 LACONCORD2021
|
| 020 |
|
|
|a 0520032640
|
| 035 |
|
|
|a (OCoLC)2957016
|5 LACONCORD2021
|
| 043 |
|
|
|a e-uk---
|
| 082 |
0 |
0 |
|a 820
|
| 100 |
1 |
|
|a Helgerson, Richard.
|
| 245 |
1 |
4 |
|a The Elizabethan prodigals /
|c Richard Helgerson.
|
| 260 |
|
|
|a Berkeley :
|b University of California Press,
|c c1976.
|
| 300 |
|
|
|a x, 178 p. ;
|c 23 cm.
|
| 504 |
|
|
|a Includes bibliographical references and index.
|
| 650 |
|
0 |
|a Authors, English
|y Early modern, 1500-1700
|x Biography.
|
| 650 |
|
0 |
|a English literature
|y Early modern, 1500-1700
|x History and criticism.
|
| 650 |
|
0 |
|a Prodigal Son (Parable) in literature.
|
| 650 |
|
0 |
|a Repentance in literature.
|
| 852 |
8 |
|
|b CARM
|h A3:AE03B0
|i B11482
|p 0542711
|f BK
|
| 999 |
f |
f |
|i fe3e7238-f12f-58d8-9c7d-0f0287eb8ee4
|s a83170f5-49cb-585e-b6e0-4e1f8bde3ae6
|
| 952 |
f |
f |
|p Can circulate
|a CAVAL
|b CAVAL
|c CAVAL
|d CARM 1 Store
|e B11482
|f A3:AE03B0
|h Other scheme
|i book
|m 0542711
|